中国单个少数民族比例超过10%的地级行政区 - Statistics

General Stats
  • This quiz has been taken 47 times
  • The average score is 82 of 116
Answer Stats
民族 省级 地级 比例 % Correct
壮族 广西 崇左 87.61%
95%
壮族 广西 百色 76.96%
85%
壮族 广西 来宾 72.80%
83%
满族 河北 承德 38.15%
80%
维吾尔族 新疆 和田 96.22%
80%
土家族 湖南 张家界 66.80%
80%
土家族 湖北 恩施 47.50%
80%
土家族 湖南 湘西 42.73%
80%
藏族 西藏 那曲 96.77%
80%
藏族 西藏 昌都 95.46%
80%
藏族 西藏 阿里 91.65%
80%
藏族 四川 甘孜 78.29%
80%
藏族 西藏 拉萨 76.70%
80%
侗族 贵州 黔东南 29.02%
80%
白族 云南 大理 32.19%
80%
朝鲜族 吉林 延边 32.45%
80%
黎族 海南 三亚 30.60%
80%
羌族 四川 阿坝 17.58%
80%
壮族 广西 河池 66.41%
78%
壮族 广西 南宁 50.87%
78%
壮族 广西 防城港 36.49%
78%
壮族 云南 文山 29.20%
78%
壮族 广西 贵港 13.07%
78%
回族 宁夏 中卫 34.54%
78%
回族 宁夏 银川 22.97%
78%
回族 宁夏 石嘴山 19.45%
78%
维吾尔族 新疆 喀什 90.64%
78%
苗族 贵州 黔东南 41.57%
78%
苗族 湖南 湘西 33.85%
78%
苗族 贵州 铜仁 14.57%
78%
彝族 四川 凉山 49.13%
78%
土家族 湖北 宜昌 11.42%
78%
藏族 青海 玉树 96.49%
78%
藏族 西藏 日喀则 95.50%
78%
藏族 西藏 山南 93.74%
78%
藏族 青海 果洛 91.86%
78%
藏族 西藏 林芝 74.13%
78%
藏族 四川 阿坝 54.50%
78%
侗族 湖南 怀化 17.22%
78%
侗族 贵州 铜仁 11.68%
78%
布依族 贵州 黔南 31.22%
78%
布依族 贵州 黔西南 27.56%
78%
布依族 贵州 安顺 15.09%
78%
回族 宁夏 吴忠 51.69%
75%
回族 宁夏 固原 44.21%
75%
苗族 湖南 怀化 16.34%
75%
苗族 云南 文山 13.68%
75%
苗族 贵州 安顺 13.34%
75%
苗族 贵州 黔南 12.69%
75%
土家族 贵州 铜仁 39.76%
75%
藏族 青海 黄南 68.55%
75%
藏族 青海 海南 66.31%
75%
藏族 甘肃 甘南 54.64%
75%
藏族 青海 海北 24.36%
75%
藏族 青海 海西 10.93%
75%
回族 青海 海北 31.52%
73%
回族 青海 海东 19.59%
73%
回族 青海 海西 13.45%
73%
维吾尔族 新疆 阿克苏 75.90%
73%
藏族 云南 迪庆 32.36%
73%
傣族 云南 德宏 28.88%
73%
傈僳族 云南 怒江 48.21%
73%
东乡族 甘肃 临夏 25.99%
73%
景颇族 云南 德宏 11.09%
73%
壮族 广西 柳州 35.15%
70%
回族 甘肃 临夏 31.59%
70%
回族 青海 西宁 16.26%
70%
满族 辽宁 丹东 31.60%
70%
满族 河北 秦皇岛 15.10%
70%
维吾尔族 新疆 吐鲁番 68.96%
70%
维吾尔族 新疆 乌鲁木齐 12.46%
70%
彝族 云南 楚雄 26.70%
70%
蒙古族 辽宁 阜新 11.16%
70%
白族 云南 怒江 26.04%
70%
哈尼族 云南 红河 17.55%
70%
哈萨克族 新疆 塔城 19.76%
70%
傣族 云南 西双版纳 27.89%
70%
纳西族 云南 丽江 19.33%
70%
壮族 广西 钦州 10.21%
68%
满族 辽宁 本溪 28.43%
68%
维吾尔族 新疆 伊犁 26.88%
68%
彝族 四川 攀枝花 11.67%
68%
哈萨克族 新疆 伊犁 21.53%
68%
傈僳族 云南 迪庆 26.72%
68%
柯尔克孜族 新疆 克孜勒苏 27.32%
68%
满族 辽宁 葫芦岛 25.53%
65%
维吾尔族 新疆 哈密 17.77%
65%
彝族 云南 丽江 19.55%
65%
哈萨克族 新疆 阿勒泰 54.39%
65%
纳西族 云南 迪庆 11.60%
65%
满族 辽宁 铁岭 19.90%
63%
蒙古族 内蒙古 通辽 45.91%
63%
蒙古族 内蒙古 锡林郭勒 30.13%
63%
蒙古族 青海 黄南 13.98%
63%
哈萨克族 新疆 博尔塔拉 10.01%
63%
满族 辽宁 锦州 24.88%
60%
维吾尔族 新疆 克孜勒苏 64.68%
60%
维吾尔族 新疆 巴音郭楞 31.83%
60%
维吾尔族 新疆 博尔塔拉 13.32%
60%
彝族 云南 红河 23.19%
60%
彝族 云南 玉溪 19.40%
60%
彝族 云南 大理 13.02%
60%
满族 辽宁 抚顺 24.25%
58%
彝族 云南 普洱 16.56%
58%
蒙古族 内蒙古 兴安 41.27%
58%
瑶族 广西 贺州 12.29%
58%
哈尼族 云南 西双版纳 19.01%
58%
满族 辽宁 鞍山 13.83%
55%
蒙古族 内蒙古 阿拉善 19.29%
55%
蒙古族 内蒙古 赤峰 19.11%
55%
哈尼族 云南 普洱 17.88%
55%
维吾尔族 新疆 克拉玛依 11.47%
53%
瑶族 广西 河池 10.60%
53%
拉祜族 云南 普洱 11.95%
53%
回族 新疆 伊犁 11.17%
45%
彝族 云南 临沧 14.64%
45%
No matching quizzes found
Score Distribution
Percent of People with Each Score
Percentile by Number Answered
Your Score History
You have not taken this quiz